Didaktika úvodu do makroekonómie

Guardado en:
Detalles Bibliográficos
Autor principal: Orbánová, Darina
Autor Corporativo: Ekonomická univerzita v Bratislave. Národohospodárska fakulta
Otros Autores: Mydlová, Mária, Novák, Jaromír, 1978-
Formato: Libro
Lenguaje:eslovaco
Publicado: Bratislava Vydavateľstvo EKONÓM 2018
Edición:3. aktualizované a doplnené vydanie
Materias:
Etiquetas: Agregar Etiqueta
Sin Etiquetas, Sea el primero en etiquetar este registro!

MARC

LEADER 00000nam a2200000 4500
001 0250204
005 20240502074016.4
020 |a 978-80-225-4564-8 
041 0 |a slo 
044 |a SK 
245 1 0 |a Didaktika úvodu do makroekonómie  |c Darina Orbánová ; recenzenti: Mária Mydlová, Jaromír Novák 
250 |a 3. aktualizované a doplnené vydanie 
264 1 |a Bratislava  |b Vydavateľstvo EKONÓM  |c 2018 
300 |a 157 s. [9,20 AH] 
610 2 0 |a didaktika 
610 2 0 |a veda 
610 2 0 |a makroekonomika 
610 2 0 |a vyučovanie 
610 2 0 |a rozbory 
610 2 0 |a metodika 
610 2 0 |a politika hospodárska 
610 2 0 |a zákony ekonomické 
610 2 0 |a mechanizmus trhový 
610 2 0 |a rovnováha hospodárska 
610 2 0 |a výkonnosť ekonomiky 
610 2 0 |a meranie 
610 2 0 |a rast hospodársky 
610 2 0 |a cykly hospodárske 
100 1 |a Orbánová, Darina 
700 1 |a Mydlová, Mária 
700 1 |a Novák, Jaromír, 1978- 
710 2 |a Ekonomická univerzita v Bratislave. Národohospodárska fakulta